000 01533nam0a2200349 4500
001 RU\NLR\bibl\889587
005 20250614171854.0
010 _a5-9589-0091-9
_91000
021 _aRU
_b2005-74801
_93688
035 _a(NLR Aleph) 000878099
090 _a1641603
_c1641603
100 _a20051216d2005 |||y0rusy50 ca
101 0 _arus
102 _aRU
105 _ay |||||||||
200 1 _aЛогика в следственной и экспертной деятельности
_eпроблемы применения и оценки
_e[учебное пособие]
_fА.Н. Литвинов, Н.Н. Тагаев, С.П. Лапта
210 _aМосква
_cЮркнига
_d2005
215 _a110,[1] с.
_d21
320 _aБиблиогр. в подстроч. прим.
606 1 _aЛогика
_jУчебные издания
_xПрименение в предварительном расследовании
_yРоссийская Федерация
_92413119
_3RU\NLR\auth\661437619
606 1 _aУголовный процесс
_jУчебные издания
_xУчастие специалистов
_yРоссийская Федерация
_92210863
_3RU\NLR\auth\661328097
686 _aХ629.372.2я7
686 _aХ629.372.207.17я7
700 1 _aЛитвинов
_bА. Н.
_4070
701 1 _aТагаев
_bН. Н.
_4070
701 1 _aЛапта
_bС. П.
_4070
801 0 _aRU
_bNLR
_c20051216
_grcr
801 1 _aRU
_bNLR
_c20051216
942 _cBOOK
980 _aNB